000 00203nam a2200097Ia 4500
008 240331s9999 xx 000 0 und d
082 _bANA
100 _aAnanda
245 0 _aKaddurai kathambam
942 _cL
999 _c3656
_d3656